000
00254nam a22001097a 4500
008
160519b xxu||||| |||| 00| 0 eng d
020
_a
0815120877
041
_a
eng
080
_a
61
245
_a
Operative orthopaedics:
_c
S. Terry Canale;
942
_2
udc
_c
BK
999
_c
2266
_d
2266